Riconosci lo Stato - Quiz n°14 - Statistics

Statistiche generali
  • Questo quiz è stato fatto 76 volte
  • Il punteggio medio è 11 su 13
Statistiche sulle risposte
Indizio Risposta % Corretto
Iniziale della Capitale A
97%
Indipendenza 2 dicembre 1971 dal Regno Unito
95%
Valuta Dirham
90%
Fuso Orario UTC+4
90%
Popolazione 9.701.315 ab.
87%
Presidente della Repubblica MohamMohammed bin Rashid Al
86%
Superficie 83.600 km²
84%
ISU 0,911
78%
PIL (nominale) 383 799 milioni di $ (2012)
78%
Forma di Governo Monarchia assoluta federale elettiva (Federazione di emirati)
75%
Tasso di crescita 1,44%
73%
Risposta Emirati Arabi Uniti
73%
Primo Ministro Maktummed bin Zayed Al Nahyan
73%
Nessun quiz corrispondente trovato
Distribuzione punteggi
Percentuale di utenti per punteggio
Percentile per numero di risposta
I tuoi punteggi nel tempo
Non hai fatto questo quiz